A-Z Famous People - Ohio - Statistics

General Stats
  • This quiz has been taken 100 times
  • The average score is 12 of 26
Answer Stats
Picture Hint Answer % Correct
A - Astronaut Neil Armstrong
93%
L - Singer & Actor John Legend
80%
B - Actress Halle Berry
76%
J - Basketball Player LeBron James
73%
S - Film Director Steven Spielberg
73%
C - Basketball Player Stephen Curry
72%
W - Aviation Pioneers Orville Wright / Wilbur Wright
70%
G - Politician & Military Officer Ulysses S. Grant
70%
K - Football Player(s) Travis Kelce / Jason Kelce
66%
P - Actress Sarah Jessica Parker
56%
M - Singer & Actor Dean Martin
55%
D - Actress & Singer Doris Day
52%
F - Restauranteur & Television Presenter Guy Fieri
52%
N - Actor & Entrepreneur Paul Newman
51%
H - Actress Katie Holmes
47%
R - Football Player Ben Roethlisberger
45%
O - Actor & Comedian Ed O'Neill
45%
T - Entrepreneur & Philanthropist Ted Turner
42%
E - Actress & Model Carmen Electra
36%
Y - Baseball Player Cy Young
24%
I - Singer & Songwriter James Ingram
20%
Z - Wrestler Dolph Ziggler
18%
X - Singer & Songwriter (Surname ending in 'X') Gary LeVox
6%
Q - Philosopher & Logician Willard Van Orman Quine
3%
U - Director & Editor Lee Unkrich
2%
V - Actress Evelyn Venable
1%
No matching quizzes found
Score Distribution
Percent of People with Each Score
Percentile by Number Answered
Your Score History
You have not taken this quiz